000 00652nam a2200241Ia 4500
003 OSt
005 20220928113713.0
006 a|||||r|||| 00| 0
007 ta
008 220927b |||||||| |||| 00| 0 eng d
024 _a65877
037 _cTextual
040 _aSDCL
_cSDCL
_beng
041 _2eng
_aeng
082 _aS:7, N8
100 _aTong Rosemarie Putnam
_9434568
245 0 _aFeminist thought
_bA more comprehensive introduction
250 _a2
260 _aOxford
_bWestview Press
_c1998
300 _avii,316p.Bibp317-347
_ccm.
942 _hS:7, N8
_cTEXL
_2CC
999 _c750884
_d750884